01895nam a2200325 i 4500001000300000003000400003005001700007008003900024015001700063020002700080040001400107041000800121080001500129080001600144080000900160245050600169246005400675246005100729260009500780300003400875500016500909504002401074651004001098655002901138710008501167710006301252700004501315856009801360856011101458bgBPK20200730104052.0010802s1998 pl a |100 0 pol aPB 2002/3657 a838742465Xz8387424668 aWA NcBPK0 apol a556.5(438) a502.51(438) a(06)00aFunkcjonowanie geoekosystemów zlewni rzecznych :bpraca zbiorowa.n1,pŚrodowisko przyrodnicze dorzecza Parsęty - stan badań, zagospodarowanie, ochrona = The functioning of geoecosystems of river catchments. Natural environment of the Parsęta catchment - state of investigations, management and conservation /cpod red. Andrzeja Kostrzewskiego ; Uniwersytet im. A. Mickiewicza w Poznaniu. Instytut Badań Czwartorzędu. Zakład Geomorfologii Dynamicznej. Stacja Geoekologiczna w Storkowie.31aFunctioning of geoecosystems of river catchments.14aFunkcjonowanie geosystemów zlewni rzecznych. aPoznań :bIBCZ UAM ;aKoszalin :bWydaw. Uczelniane Politechniki Koszalińskiej,c1998. a272 s. :bil., mapy ;c24 cm. aTyt. okł. i grzbiet.: Funkcjonowanie geosystemów zlewni rzecznych. Na s. 4 okł. błędny ISBN. Materiały ogólnopolskiego seminarium zorg. 8-9.XI.1995 r. aBibliogr. przy ref. 4aParsęta (dorzecze)xśrodowisko. 4aMateriały konferencyjne2 aUniwersytet im. Adama Mickiewicza (Poznań).bStacja Geoekologiczna (Storków)2 aPolitechnika Koszalińska.bWydawnictwo Uczelniane.4pbl.1 aKostrzewski, Andrzejd(1939- )eRedakcja uhttp://koha.tu.koszalin.pl/cgi-bin/koha/opac-detail.pl?biblionumber=33964yKatalog online BPK uhttp://dlibra.tu.koszalin.pl/dlibra/docmetadata?id=639&from=&dirids=1&ver_id=&lp=1&QI=yBiblioteka Cyfrowa